000 00503cam a2200205ua 4500
020 _c5.00
041 _ahin
_h
082 _a891.54
_bKAN/AA
100 _aKanhailal Maniklal, Munshi .
240 1 0 _aAade raste. .
245 _aAade raste /
_cKanhailal maniklal munshi.
_hTextual Documents
250 _a1 /
_b.
260 _aDelhi :
_bRajkamal Prakashan ,
_c1979.
300 _a223 ; .
365 _a5.00
504 _a
730 0 _aAade raste. .
942 _cBK
999 _c8490
_d8490